| 000 | 00382nam a2200145Ia 4500 | ||
|---|---|---|---|
| 008 | 231129s1979||||xx |||||||||||||| ||spa|| | ||
| 020 | _a84-226-10-40 | ||
| 040 | _bspa | ||
| 082 | _aU813 L945m | ||
| 100 | _aLudlum Robert | ||
| 245 | 0 | _aEl manuscrito de chancellor | |
| 260 | _c1979 | ||
| 264 | _aCírculo de Lectores | ||
| 942 |
_2ddc _cBKS |
||
| 999 |
_c11633 _d11633 |
||